[Event "IV Open"]
[Site "Genova ITA"]
[Date "2000.08.07"]
[Round "1"]
[White "Ausmins, Elmar"]
[Black "Paganetto, Ivano"]
[Result "1-0"]
[WhiteElo "2324"]
[BlackElo "1657"]
[PlyCount "79"]
[EventDate "2000.08.07"]

1. d4 d5 2. Nf3 Nf6 3. c4 c6 4. Nc3 g6 5. Bg5 Bg7 6. e3 O-O 7. a3 Qa5 8. Nd2
Re8 9. Nb3 Qd8 10. Qf3 e6 11. h4 h6 12. Bf4 Nh5 13. Bh2 e5 14. dxe5 Bxe5 15.
Bxe5 Rxe5 16. O-O-O Qf6 17. cxd5 Qxf3 18. gxf3 cxd5 19. f4 Re6 20. Nxd5 Rc6+
21. Kb1 Bf5+ 22. Bd3 Bxd3+ 23. Rxd3 Kf8 24. Na5 Rc8 25. Nxb7 Nc6 26. Rc1 Ne7
27. Nc5 Rd8 28. Nxe7 Kxe7 29. Rcd1 Rxd3 30. Rxd3 Rc8 31. b4 Rc7 32. Kb2 Ng7 33.
e4 Nh5 34. Rf3 Rc6 35. Kb3 Ng7 36. Kc4 Nh5 37. b5 Rc7 38. a4 Nf6 39. Kb4 Nh5
40. a5 1-0

[Event "IV Open"]
[Site "Genova ITA"]
[Date "2000.08.07"]
[Round "1"]
[White "Bernasconi, Roberto"]
[Black "Chilingirova, Pavlina"]
[Result "1/2-1/2"]
[WhiteElo "1491"]
[BlackElo "2269"]
[PlyCount "69"]
[EventDate "2000.08.07"]

1. e4 c5 2. Nf3 d6 3. d4 Nf6 4. Nc3 cxd4 5. Nxd4 a6 6. Bg5 e6 7. f4 Nbd7 8. Qf3
Qc7 9. O-O-O b5 10. a3 Bb7 11. g4 Be7 12. Bxf6 Bxf6 13. g5 Bxd4 14. Rxd4 e5 15.
Rd2 exf4 16. Qxf4 Ne5 17. Bxb5+ axb5 18. Nxb5 Qe7 19. Nxd6+ Kf8 20. Nxb7 Nc4
21. Rd4 Nxb2 22. Rd8+ Rxd8 23. Nxd8 Nc4 24. Nc6 Qxa3+ 25. Kd1 Qd6+ 26. Qxd6+
Nxd6 27. e5 Ne4 28. Rg1 g6 29. Ke2 h6 30. h4 hxg5 31. hxg5 Rh5 32. Nd4 Nxg5 33.
e6 Nxe6 34. Nxe6+ fxe6 35. Rxg6 1/2-1/2

[Event "IV Open"]
[Site "Genova ITA"]
[Date "2000.08.07"]
[Round "1"]
[White "Bonetti, Carlo"]
[Black "Caposciutti, Maurizio"]
[Result "0-1"]
[WhiteElo "1645"]
[BlackElo "2316"]
[PlyCount "62"]
[EventDate "2000.08.07"]

1. e4 c5 2. Nc3 Nc6 3. g3 g6 4. Bg2 Bg7 5. d3 Rb8 6. Nge2 b5 7. a3 d6 8. h3 e5
9. O-O Nge7 10. Bg5 f6 11. Be3 Be6 12. Qd2 Nd4 13. Kh2 Qd7 14. f4 O-O 15. Rf2
f5 16. Raf1 a5 17. Nc1 b4 18. axb4 cxb4 19. N3e2 Nxe2 20. Nxe2 exf4 21. Nxf4
Bxb2 22. Nxe6 Qxe6 23. Ba7 Rbc8 24. Bb6 Bc3 25. Qg5 a4 26. exf5 Rxf5 27. Rxf5
Nxf5 28. g4 Qe5+ 29. Kg1 Bd4+ 30. Bxd4 Qxd4+ 31. Kh2 Qe5+ 0-1

[Event "IV Open"]
[Site "Genova ITA"]
[Date "2000.08.07"]
[Round "1"]
[White "Chiamori, Maurizio"]
[Black "Banikas, Hristos"]
[Result "0-1"]
[WhiteElo "1690"]
[BlackElo "2542"]
[PlyCount "78"]
[EventDate "2000.08.07"]

1. d4 Nf6 2. Nf3 g6 3. c4 Bg7 4. Nc3 O-O 5. Bf4 d6 6. e3 Nfd7 7. Be2 e5 8. dxe5
dxe5 9. Bg3 Nc6 10. O-O Nc5 11. Qxd8 Rxd8 12. Nd5 e4 13. Nd4 Bxd4 14. exd4 Nxd4
15. Bd1 Be6 16. Bxc7 Bxd5 17. Bxd8 Bxc4 18. Bf6 Bxf1 19. Kxf1 Nc6 20. Be2 Nd7
21. Bc3 Nb6 22. Rd1 f5 23. b3 Kf7 24. Rd6 Ke7 25. Rd1 Ke6 26. g4 Rd8 27. gxf5+
gxf5 28. Rxd8 Nxd8 29. f3 Nd5 30. Bb2 e3 31. Bc4 Nf7 32. Bd4 f4 33. Bxa7 Ne5
34. Bxd5+ Kxd5 35. Ke2 Nc6 36. Bxe3 fxe3 37. Kxe3 Nb4 38. a4 Nc2+ 39. Kd3 Nd4
0-1

[Event "IV Open"]
[Site "Genova ITA"]
[Date "2000.08.07"]
[Round "1"]
[White "Cirabisi, Federico"]
[Black "Gardini, Enrico"]
[Result "1-0"]
[WhiteElo "2119"]
[BlackElo "1587"]
[PlyCount "53"]
[EventDate "2000.08.07"]

1. e4 Nc6 2. Nc3 g6 3. d4 d6 4. Be3 Bg7 5. Nf3 Bg4 6. Qd2 Nf6 7. O-O-O a6 8. h3
Bxf3 9. gxf3 e5 10. d5 Ne7 11. h4 Nh5 12. Bh3 f5 13. Bg5 f4 14. Rhg1 Bf6 15.
Be6 Bxg5 16. Rxg5 Ng8 17. Rdg1 Qf6 18. Bxg8 Rxg8 19. Rxh5 Rg7 20. Rhg5 Ke7 21.
Qd3 Kf7 22. h5 Rc8 23. Qf1 Rd8 24. Qh3 Rgg8 25. Qg4 Rg7 26. hxg6+ hxg6 27. Nb1
1-0

[Event "IV Open"]
[Site "Genova ITA"]
[Date "2000.08.07"]
[Round "1"]
[White "Corti, Corrado"]
[Black "Fogliani, Francesco"]
[Result "1-0"]
[WhiteElo "1789"]
[BlackElo "1455"]
[PlyCount "79"]
[EventDate "2000.08.07"]

1. e4 e5 2. Nf3 Nc6 3. d4 exd4 4. Nxd4 Nxd4 5. Qxd4 d6 6. Bc4 Be6 7. O-O Nf6 8.
Nc3 Be7 9. Bg5 O-O 10. Rad1 c6 11. Bxe6 fxe6 12. Qc4 d5 13. Qb3 Qc7 14. Bxf6
Bxf6 15. exd5 exd5 16. Ne2 Kh8 17. c3 Rae8 18. Rde1 Qf7 19. Qc2 Bh4 20. g3 Bd8
21. Nf4 Bc7 22. Nd3 Qf5 23. Qd2 Bb6 24. Re2 c5 25. Rfe1 Rxe2 26. Rxe2 d4 27. c4
Bd8 28. Re5 Qf7 29. Rxc5 h6 30. Rd5 Bg5 31. f4 b5 32. Ne5 Qf5 33. Rxd4 Bf6 34.
Rd5 Bxe5 35. Rxe5 Qb1+ 36. Re1 Qxa2 37. Qb4 Rc8 38. Qxb5 Rxc4 39. Re8+ Kh7 40.
Qf5+ 1-0

[Event "IV Open"]
[Site "Genova ITA"]
[Date "2000.08.07"]
[Round "1"]
[White "Dervishi, Erald"]
[Black "Guglielmone, Luciano"]
[Result "1-0"]
[WhiteElo "2478"]
[BlackElo "1678"]
[PlyCount "77"]
[EventDate "2000.08.07"]

1. e4 e6 2. d4 d5 3. Nd2 Nf6 4. e5 Nfd7 5. Bd3 c5 6. c3 Nc6 7. Ne2 cxd4 8. cxd4
f6 9. exf6 Nxf6 10. O-O Bd6 11. Nf3 Qc7 12. Bg5 O-O 13. Rc1 Bd7 14. Ng3 Qb6 15.
Qd2 g6 16. Bb1 Rae8 17. a3 Ne7 18. Bh6 Ne4 19. Nxe4 dxe4 20. Bxe4 Rf7 21. Rfe1
Nf5 22. Be3 Nxe3 23. fxe3 Qd8 24. g3 Ref8 25. Qg2 Qa5 26. Re2 Qh5 27. g4 Qh6
28. Rc3 Kh8 29. h3 Bc6 30. Bxc6 bxc6 31. Nd2 c5 32. dxc5 Be5 33. Rc2 Qg7 34. b4
Bc3 35. Ne4 Qe5 36. Rf2 Rxf2 37. Rxf2 Rxf2 38. Qxf2 Qxe4 39. Qf8# 1-0

[Event "IV Open"]
[Site "Genova ITA"]
[Date "2000.08.07"]
[Round "1"]
[White "Di Paolo, Raffaele"]
[Black "De Lerma, Andrea"]
[Result "1-0"]
[WhiteElo "2295"]
[BlackElo "1609"]
[PlyCount "23"]
[EventDate "2000.08.07"]

1. e4 d6 2. d4 Nf6 3. Nc3 c6 4. f4 e5 5. Nf3 exd4 6. Qxd4 g6 7. Bc4 Bg7 8. e5
Ng4 9. Qxd6 Qxd6 10. exd6 b5 11. Nxb5 cxb5 12. Bd5 1-0

[Event "IV Open"]
[Site "Genova ITA"]
[Date "2000.08.07"]
[Round "1"]
[White "Diena, Giovanni"]
[Black "Grigore, George-Gabriel"]
[Result "0-1"]
[WhiteElo "1681"]
[BlackElo "2508"]
[PlyCount "82"]
[EventDate "2000.08.07"]

1. e4 c6 2. d4 d5 3. exd5 cxd5 4. Nf3 Nf6 5. Bb5+ Bd7 6. Qe2 e6 7. O-O Bxb5 8.
Qxb5+ Qd7 9. Nc3 a6 10. Qd3 Nc6 11. a3 Qc7 12. Bg5 Be7 13. Rfe1 O-O 14. Bh4
Rfc8 15. Bg3 Qd8 16. Re2 b5 17. Ne5 Nxe5 18. Bxe5 Nd7 19. Rae1 Nxe5 20. Rxe5
Bf6 21. Rh5 g6 22. Rh3 Qc7 23. Qe3 Bg7 24. Ne2 Qxc2 25. b3 Qe4 26. Qxe4 dxe4
27. a4 b4 28. Re3 f5 29. f3 Bh6 30. f4 Rc2 31. g4 Rd8 32. Kf1 Bg7 33. Rd1 e5
34. d5 Rc5 35. gxf5 gxf5 36. fxe5 Bxe5 37. Ng3 Bf4 38. Re2 Bxg3 39. hxg3 Rdxd5
40. Rxd5 Rxd5 41. Re3 h5 0-1

[Event "IV Open"]
[Site "Genova ITA"]
[Date "2000.08.07"]
[Round "1"]
[White "Malakhov, Vladimir"]
[Black "Cammarota, Vittorio"]
[Result "1-0"]
[WhiteElo "2605"]
[BlackElo "1690"]
[PlyCount "59"]
[EventDate "2000.08.07"]

1. e4 c5 2. Nf3 Nc6 3. d4 cxd4 4. Nxd4 Qb6 5. Nb3 Nf6 6. Nc3 e6 7. Be3 Qc7 8.
a3 a6 9. f4 d6 10. Be2 b5 11. O-O Be7 12. Bf3 Bb7 13. Qe1 O-O 14. Qg3 Nd7 15.
f5 Bf6 16. fxe6 fxe6 17. Bg4 Nd8 18. Nd4 Nc5 19. Qh3 Bxd4 20. Rxf8+ Kxf8 21.
Bxd4 e5 22. Qxh7 Nde6 23. Rf1+ Ke7 24. Nd5+ Bxd5 25. exd5 Rf8 26. Rxf8 Kxf8 27.
dxe6 exd4 28. Qh8+ Ke7 29. Qxg7+ Kd8 30. Qf8# 1-0

[Event "IV Open"]
[Site "Genova ITA"]
[Date "2000.08.07"]
[Round "1"]
[White "Mercandelli, Claudio"]
[Black "Lanzani, Mario"]
[Result "0-1"]
[WhiteElo "1665"]
[BlackElo "2419"]
[PlyCount "62"]
[EventDate "2000.08.07"]

1. d4 Nf6 2. c4 e6 3. Nc3 Bb4 4. e3 b6 5. Bd3 Bb7 6. f3 O-O 7. Nge2 c5 8. a3
Bxc3+ 9. bxc3 Nc6 10. e4 Ne8 11. Be3 Qe7 12. O-O Rc8 13. dxc5 bxc5 14. Rb1 Ba8
15. Qd2 Ne5 16. Ng3 Nd6 17. Qc2 Ndxc4 18. Bc1 Nxd3 19. Qxd3 d5 20. Rd1 Rfd8 21.
Qc2 Bc6 22. exd5 exd5 23. Kf2 Re8 24. Nf1 Qh4+ 25. Kg1 Qf6 26. Bb2 Rb8 27. Qc1
Qg6 28. Kf2 h5 29. Ba1 Rxb1 30. Qxb1 Qxb1 31. Rxb1 Nxa3 0-1

[Event "IV Open"]
[Site "Genova ITA"]
[Date "2000.08.07"]
[Round "1"]
[White "Nikolaidis, Ioannis"]
[Black "Olivetti, Pierluigi"]
[Result "1-0"]
[WhiteElo "2512"]
[BlackElo "1684"]
[PlyCount "85"]
[EventDate "2000.08.07"]

1. d4 d5 2. c4 e6 3. Nf3 Nf6 4. Nc3 Nbd7 5. Bg5 Be7 6. e3 O-O 7. Qc2 a6 8. cxd5
exd5 9. Bd3 h6 10. Bh4 Re8 11. O-O c6 12. Bg3 Bb4 13. a3 Ba5 14. b4 Bc7 15.
Bxc7 Qxc7 16. a4 Qd6 17. Rab1 b5 18. a5 Bb7 19. Bf5 Re7 20. Bxd7 Nxd7 21. Ne2
Rae8 22. Nf4 Qf6 23. Nd3 Qf5 24. Rbc1 g6 25. Nfe5 Nxe5 26. dxe5 h5 27. f4 Rc8
28. Nc5 Qxc2 29. Rxc2 Kg7 30. Rfc1 Rd8 31. Nxb7 Rxb7 32. Rxc6 d4 33. Rd6 Rbd7
34. Rcc6 d3 35. Kf2 d2 36. Ke2 Rxd6 37. exd6 d1=Q+ 38. Kxd1 Kf6 39. e4 Ke6 40.
Rxa6 f5 41. e5 g5 42. g3 Kd5 43. Kd2 1-0

[Event "IV Open"]
[Site "Genova ITA"]
[Date "2000.08.07"]
[Round "1"]
[White "Orsenigo, Davide"]
[Black "Castelfranchi, Carlo"]
[Result "0-1"]
[WhiteElo "1413"]
[BlackElo "2212"]
[PlyCount "56"]
[EventDate "2000.08.07"]

1. e4 Nf6 2. Nc3 d5 3. d4 Nxe4 4. Nxe4 dxe4 5. f3 exf3 6. Nxf3 g6 7. Bc4 Bg7 8.
O-O O-O 9. Be3 Nd7 10. c3 Nb6 11. Bb3 a5 12. a4 Nd5 13. Bd2 c6 14. Qe2 Bg4 15.
Rae1 e6 16. Qf2 Bxf3 17. Qxf3 Qb6 18. Bxd5 cxd5 19. Bf4 Rac8 20. Rf2 Rc4 21.
Ref1 Rxa4 22. b3 Ra3 23. Qg3 Rxb3 24. Bd6 Bxd4 25. cxd4 Rxg3 26. Bxf8 Qxd4 27.
hxg3 Kxf8 28. Kh2 f5 0-1

[Event "IV Open"]
[Site "Genova ITA"]
[Date "2000.08.08"]
[Round "2"]
[White "Banikas, Hristos"]
[Black "Griffa, Roberto"]
[Result "1-0"]
[WhiteElo "2542"]
[BlackElo "2080"]
[PlyCount "67"]
[EventDate "2000.08.07"]

1. d4 d6 2. c4 e5 3. Nf3 e4 4. Ng5 f5 5. Nc3 c6 6. Nh3 Nf6 7. Bg5 Be7 8. e3 Na6
9. Nf4 O-O 10. h4 Nc7 11. d5 cxd5 12. cxd5 Ng4 13. Bxe7 Qxe7 14. Be2 Bd7 15.
Rc1 Rac8 16. Qb3 b6 17. g3 Ne5 18. a3 Nf3+ 19. Bxf3 exf3 20. O-O g5 21. hxg5
Qxg5 22. Qd1 Qg4 23. Nb1 Rfe8 24. Re1 Re5 25. Rc4 Ne8 26. Rxc8 Bxc8 27. Nd2 Nf6
28. Qxf3 Bb7 29. Qxg4+ fxg4 30. Nc4 Re7 31. Nxd6 Bxd5 32. Nf5 Re5 33. Nxd5 Nxd5
34. Nh6+ 1-0

[Event "IV Open"]
[Site "Genova ITA"]
[Date "2000.08.08"]
[Round "2"]
[White "Bemporad, Filippo"]
[Black "Corti, Corrado"]
[Result "1-0"]
[WhiteElo "2140"]
[BlackElo "1789"]
[PlyCount "75"]
[EventDate "2000.08.07"]

1. d4 d5 2. Nf3 Nf6 3. g3 e6 4. Bg2 Be7 5. O-O O-O 6. c4 c5 7. cxd5 Nxd5 8. e4
Nb4 9. a3 N4a6 10. Nc3 cxd4 11. Nxd4 e5 12. Nf5 Bc5 13. Qg4 g6 14. Re1 Bd4 15.
Bh6 Nc6 16. Nd5 Nc7 17. Bxf8 Kxf8 18. Qh4 Qxh4 19. Nxh4 Ne6 20. Rab1 b6 21. Nf3
Bb7 22. b4 Rd8 23. Bh3 Ne7 24. Bxe6 fxe6 25. Nxd4 exd4 26. Nf4 Kf7 27. f3 Nc6
28. Rbc1 Rd7 29. Kf2 a6 30. Nd3 Ke7 31. Rc2 e5 32. Rec1 Rd6 33. a4 b5 34. axb5
axb5 35. Rc5 Rf6 36. Rxb5 Ba6 37. Rbc5 Kd7 38. b5 1-0

[Event "IV Open"]
[Site "Genova ITA"]
[Date "2000.08.08"]
[Round "2"]
[White "Brugnolo, Paolo"]
[Black "Orsenigo, Davide"]
[Result "0-1"]
[WhiteElo "1429"]
[BlackElo "1413"]
[PlyCount "142"]
[EventDate "2000.08.07"]

1. e4 c6 2. Nf3 d5 3. exd5 cxd5 4. d4 Qb6 5. Nc3 Nf6 6. Be2 Bf5 7. Na4 Qa5+ 8.
c3 Nbd7 9. b4 Qc7 10. Bb5 a6 11. Bxd7+ Nxd7 12. O-O e6 13. Nh4 Bg6 14. Re1 Be7
15. Nf3 O-O 16. Be3 Rac8 17. Qd2 Qc6 18. Nc5 b6 19. Nxd7 Qxd7 20. Ne5 Qc7 21.
Rac1 Bd6 22. Nf3 b5 23. a3 Qb8 24. Qb2 Rc6 25. Bd2 Rfc8 26. g3 Qa7 27. Ne5 R6c7
28. Nf3 Rc6 29. Re3 Qe7 30. Ne1 Qd8 31. Nf3 Qe7 32. Ree1 Qd8 33. Bg5 Be7 34.
Bxe7 Qxe7 35. Ne5 R6c7 36. Qd2 Qd6 37. Nf3 Qb6 38. Ne5 Qd6 39. Nd3 Bxd3 40.
Qxd3 Qc6 41. Re5 Qb6 42. Rh5 h6 43. Qe3 Qd6 44. Re5 Rc4 45. h3 Qc6 46. h4 Rxc3
47. Rxc3 Qxc3 48. Qxc3 Rxc3 49. Re3 Rxe3 50. fxe3 Kh7 51. Kf2 Kg6 52. Kf3 Kf6
53. Kf4 g5+ 54. hxg5+ hxg5+ 55. Kf3 Kf5 56. g4+ Kg6 57. e4 dxe4+ 58. Kxe4 Kf6
59. Ke3 Ke7 60. Ke4 f5+ 61. gxf5 exf5+ 62. Kxf5 Kd6 63. Kxg5 Kd5 64. Kf5 Kxd4
65. Ke6 Kc4 66. Kd6 Kb3 67. Kc5 Kxa3 68. Kb6 Kxb4 69. Kxa6 Ka4 70. Kb6 b4 71.
Kc5 Ka3 0-1

[Event "IV Open"]
[Site "Genova ITA"]
[Date "2000.08.08"]
[Round "2"]
[White "Cehic, Goran"]
[Black "Bernasconi, Roberto"]
[Result "1-0"]
[WhiteElo "2158"]
[BlackElo "1491"]
[PlyCount "69"]
[EventDate "2000.08.07"]

1. d4 Nf6 2. Nc3 g6 3. e4 d6 4. Bg5 Bg7 5. f4 c6 6. a4 Qa5 7. Qd2 Nbd7 8. Nf3
a6 9. Bd3 e5 10. Bxf6 Bxf6 11. fxe5 dxe5 12. d5 cxd5 13. Nxd5 Qxd2+ 14. Nxd2
Bd8 15. Nc4 O-O 16. O-O Nc5 17. Nxe5 Nxd3 18. Nxd3 b6 19. b4 Bb7 20. c4 Rb8 21.
Ne5 Bc8 22. c5 bxc5 23. bxc5 f5 24. Nc6 Rb2 25. Rab1 Rxb1 26. Rxb1 fxe4 27. Rb8
Be6 28. Rxd8 Rxd8 29. Nxd8 Bxd5 30. c6 Bxc6 31. Nxc6 Kf7 32. Nb4 a5 33. Nc6 Ke6
34. Nxa5 Kd5 35. Kf2 1-0

[Event "IV Open"]
[Site "Genova ITA"]
[Date "2000.08.08"]
[Round "2"]
[White "Fattorelli, Luciano"]
[Black "De Santis, Alessio"]
[Result "1-0"]
[WhiteElo "1816"]
[BlackElo "2309"]
[PlyCount "79"]
[EventDate "2000.08.07"]

1. e4 c5 2. Nc3 Nc6 3. g3 e6 4. Bg2 a6 5. a4 b6 6. d3 Bb7 7. Nf3 Be7 8. O-O h5
9. h4 Nf6 10. Bg5 Qc7 11. Ne2 d5 12. Nd2 Rd8 13. Nf4 dxe4 14. dxe4 Ne5 15. Qe2
Rxd2 16. Qxd2 Nxe4 17. Qe2 Nxg5 18. hxg5 Bxg2 19. Nxg2 c4 20. Rfe1 Ng4 21. Ne3
Bc5 22. Qf3 Nxe3 23. fxe3 O-O 24. Kg2 g6 25. g4 hxg4 26. Qxg4 Qe5 27. Qf4 Qxb2
28. Qxc4 Be7 29. Rab1 Qe5 30. Qf4 Qc5 31. Re2 Bxg5 32. Qf3 Be7 33. Rh1 Rd8 34.
Rf2 f5 35. Qh3 Qc6+ 36. Kg1 Rd1+ 37. Rf1 Rxf1+ 38. Kxf1 Qc4+ 39. Kg1 Qe4 40.
Qh8+ 1-0

[Event "IV Open"]
[Site "Genova ITA"]
[Date "2000.08.08"]
[Round "2"]
[White "Gallitto, Salvatore"]
[Black "Nikolaidis, Ioannis"]
[Result "0-1"]
[WhiteElo "2057"]
[BlackElo "2512"]
[PlyCount "64"]
[EventDate "2000.08.07"]

1. d4 Nf6 2. Nf3 g6 3. Bf4 Bg7 4. Nbd2 O-O 5. e4 d6 6. h3 Nc6 7. c3 Nh5 8. Bh2
e5 9. dxe5 dxe5 10. Bc4 Qf6 11. O-O Nf4 12. Re1 Bh6 13. Bf1 Be6 14. Bxf4 Bxf4
15. g3 Bh6 16. Qe2 Rad8 17. Rad1 Rd6 18. Nb3 Rfd8 19. Rxd6 cxd6 20. Bg2 Qe7 21.
Nh2 f5 22. exf5 gxf5 23. Qh5 Bg7 24. Rd1 d5 25. Nf3 Bf6 26. h4 Qf7 27. Qxf7+
Bxf7 28. Nc5 b6 29. Nb3 h6 30. Rd2 a5 31. a4 d4 32. cxd4 Bxb3 0-1

[Event "IV Open"]
[Site "Genova ITA"]
[Date "2000.08.08"]
[Round "2"]
[White "Grigore, George-Gabriel"]
[Black "Bernago, Federico"]
[Result "1-0"]
[WhiteElo "2508"]
[BlackElo "2075"]
[PlyCount "63"]
[EventDate "2000.08.07"]

1. d4 Nf6 2. c4 c5 3. d5 b5 4. cxb5 a6 5. bxa6 g6 6. Nc3 d6 7. e4 Bxa6 8. Bxa6
Nxa6 9. Nf3 Bg7 10. O-O O-O 11. Re1 Nd7 12. Bg5 f6 13. Bf4 g5 14. Bg3 Qe8 15.
Nd2 h5 16. h4 Ne5 17. Bxe5 dxe5 18. Nc4 Qg6 19. Ne3 gxh4 20. Nf5 Rae8 21. Re3
Bh6 22. Nxh4 Qf7 23. Rg3+ Kh7 24. Qf3 Bg5 25. Nf5 Rh8 26. Qe2 Nb8 27. Nb5 Rc8
28. a4 Nd7 29. Na7 Rce8 30. Nc6 Nf8 31. Nxe5 fxe5 32. Rxg5 1-0

[Event "IV Open"]
[Site "Genova ITA"]
[Date "2000.08.08"]
[Round "2"]
[White "Guido, Flavio"]
[Black "Miatello, Alberto"]
[Result "1-0"]
[WhiteElo "2303"]
[BlackElo "1866"]
[PlyCount "75"]
[EventDate "2000.08.07"]

1. e4 c5 2. c3 d5 3. exd5 Qxd5 4. d4 Nf6 5. Nf3 g6 6. dxc5 Qxd1+ 7. Kxd1 Bg4 8.
Be3 Bg7 9. Bb5+ Nbd7 10. c6 bxc6 11. Bxc6 Rc8 12. Ba4 O-O 13. h3 Bxf3+ 14. gxf3
Nc5 15. Bc2 Rfd8+ 16. Ke2 Rd7 17. Nd2 Nd5 18. Bb3 e5 19. Rhd1 Nf4+ 20. Bxf4
exf4 21. Ne4 Re7 22. Kf1 Nxe4 23. fxe4 Rb8 24. Rd5 f3 25. Rad1 Rxe4 26. Rd7 Rf4
27. Rxa7 h5 28. Rdd7 Rf8 29. Rd3 g5 30. Ra5 Bf6 31. Bd1 Bd8 32. Rad5 f6 33.
Rxd8 Rxd8 34. Rxd8+ Kf7 35. Rd4 Rxd4 36. cxd4 g4 37. a4 Ke7 38. a5 1-0

[Event "IV Open"]
[Site "Genova ITA"]
[Date "2000.08.08"]
[Round "2"]
[White "Lanzani, Mario"]
[Black "Berni, Mauro"]
[Result "1-0"]
[WhiteElo "2419"]
[BlackElo "2058"]
[PlyCount "97"]
[EventDate "2000.08.07"]

1. e4 c5 2. Nf3 Nc6 3. d4 cxd4 4. Nxd4 e5 5. Nb5 a6 6. Nd6+ Bxd6 7. Qxd6 Qf6 8.
Qxf6 Nxf6 9. Bd3 d5 10. exd5 Nxd5 11. a3 O-O 12. O-O Be6 13. Bd2 Rfd8 14. Nc3
Nxc3 15. Bxc3 Bd5 16. Rfe1 Re8 17. Rad1 Rad8 18. f3 Kf8 19. Kf2 h6 20. Rd2 f6
21. Red1 Bf7 22. g4 Rd7 23. Be4 Rxd2+ 24. Rxd2 Rd8 25. Rxd8+ Nxd8 26. Ba5 Nc6
27. Bb6 Be6 28. h4 Ke7 29. b3 Kd6 30. c4 Bc8 31. b4 Ne7 32. Bc5+ Ke6 33. Bd3
Kf7 34. h5 Bd7 35. b5 Ke8 36. a4 Be6 37. Ke3 Kd7 38. Kd2 Ke8 39. Kc3 Kd7 40.
Kb4 Ke8 41. Bxe7 Kxe7 42. Kc5 axb5 43. cxb5 Kd8 44. Be4 Kc7 45. b6+ Kb8 46. Kd6
Bb3 47. a5 Ba4 48. Ke7 Kc8 49. Kf7 1-0

[Event "IV Open"]
[Site "Genova ITA"]
[Date "2000.08.08"]
[Round "2"]
[White "Pedemonte, Claudio"]
[Black "Ausmins, Elmar"]
[Result "0-1"]
[WhiteElo "2013"]
[BlackElo "2324"]
[PlyCount "44"]
[EventDate "2000.08.07"]

1. c4 e5 2. Nc3 Nf6 3. Nf3 Nc6 4. d4 exd4 5. Nxd4 Bb4 6. Nxc6 bxc6 7. Qb3 Qe7
8. Bg5 a5 9. e3 a4 10. Qc2 a3 11. Bd3 axb2 12. Qxb2 Ra3 13. Rc1 c5 14. Bf4 Nh5
15. O-O Qf6 16. g4 Nxf4 17. exf4 Rxc3 18. Rce1+ Kd8 19. g5 Qxf4 20. a3 Qxg5+
21. Kh1 Rxd3 22. axb4 Bb7+ 0-1

[Event "IV Open"]
[Site "Genova ITA"]
[Date "2000.08.08"]
[Round "2"]
[White "Squarci, Franco"]
[Black "Mazzetta, Franco"]
[Result "1-0"]
[WhiteElo "2073"]
[BlackElo "1567"]
[PlyCount "77"]
[EventDate "2000.08.07"]

1. d4 Nc6 2. g3 d5 3. Nf3 Bg4 4. Bg2 Qd7 5. h3 Bf5 6. c3 f6 7. Nbd2 g5 8. e3 e6
9. Qe2 O-O-O 10. b4 Bxb4 11. cxb4 Nxb4 12. Nb3 Nc2+ 13. Kf1 Nxa1 14. Nxa1 Qc6
15. Nb3 Qc3 16. Ne1 Ne7 17. e4 dxe4 18. Bxe4 Bxe4 19. Qxe4 Qc6 20. Qxc6 Nxc6
21. Bb2 Rhf8 22. Nf3 h5 23. Kg2 Rd5 24. Re1 Nd8 25. Nc5 Re8 26. Nd2 b6 27. Nce4
Rf8 28. Nb3 a5 29. a4 Rf7 30. Rc1 Kb7 31. Ba3 Nc6 32. Nc3 Rd8 33. Nb5 Rfd7 34.
Re1 e5 35. dxe5 Nxe5 36. Rb1 c6 37. Nc3 Kc7 38. Ne4 Nc4 39. Bc1 1-0

[Event "IV Open"]
[Site "Genova ITA"]
[Date "2000.08.08"]
[Round "2"]
[White "Tagliagambe, Stefano"]
[Black "Djingarova, Emilia"]
[Result "0-1"]
[WhiteElo "1774"]
[BlackElo "2263"]
[PlyCount "56"]
[EventDate "2000.08.07"]

1. Nf3 c5 2. c4 b6 3. g3 Bb7 4. Bg2 g6 5. O-O Bg7 6. Nc3 Nf6 7. d4 cxd4 8. Nxd4
Bxg2 9. Kxg2 O-O 10. e3 Qc8 11. b3 Nc6 12. Bb2 h5 13. Rc1 Ne5 14. h3 Qb7+ 15.
Kg1 d6 16. f4 Ned7 17. Qf3 Qxf3 18. Rxf3 Nc5 19. Rd1 Nfe4 20. Nxe4 Nxe4 21. Kg2
Rfc8 22. Rff1 d5 23. Kf3 Nf6 24. cxd5 Nxd5 25. Rc1 Nb4 26. Ba3 e5 27. fxe5 Nd3
28. Nc6 Rxc6 0-1

[Event "IV Open"]
[Site "Genova ITA"]
[Date "2000.08.08"]
[Round "2"]
[White "Wagner, Hans"]
[Black "Dervishi, Erald"]
[Result "0-1"]
[WhiteElo "2037"]
[BlackElo "2478"]
[PlyCount "64"]
[EventDate "2000.08.07"]

1. f4 d5 2. Nf3 Nf6 3. g3 g6 4. Bg2 Bg7 5. c3 O-O 6. O-O c5 7. d3 Nc6 8. Qc2 d4
9. Nh4 e6 10. e4 dxe3 11. Bxe3 Qd6 12. Nd2 Ng4 13. Rae1 Nxe3 14. Rxe3 Qc7 15.
Nhf3 b6 16. Ne5 Bb7 17. Nxc6 Bxc6 18. Ne4 Rad8 19. g4 Bxe4 20. dxe4 e5 21. f5
Bh6 22. Rd3 Rxd3 23. Qxd3 Rd8 24. Qf3 Rd2 25. Rf2 Qd7 26. Bf1 Rd1 27. Kg2 Bf4
28. Bc4 Qd8 29. Bd5 Re1 30. Re2 Rc1 31. Qd3 Qh4 32. Qh3 Rg1+ 0-1

[Event "IV Open"]
[Site "Genova ITA"]
[Date "2000.08.09"]
[Round "3"]
[White "Astengo, Corrado"]
[Black "Grigore, George-Gabriel"]
[Result "0-1"]
[WhiteElo "2150"]
[BlackElo "2508"]
[PlyCount "52"]
[EventDate "2000.08.07"]

1. e4 c5 2. Nf3 Nc6 3. d4 cxd4 4. Nxd4 e5 5. Nb5 d6 6. c4 Be7 7. b3 Nf6 8. Bd3
O-O 9. O-O Nd7 10. Be3 Nc5 11. Bc2 a6 12. N5c3 Bg5 13. Nd5 b5 14. Nd2 Bxe3 15.
fxe3 b4 16. Qh5 Be6 17. Rf3 f6 18. Raf1 Ra7 19. Rg3 a5 20. Rxf6 Rxf6 21. Nxf6+
Qxf6 22. Qe8+ Qf8 23. Qxc6 Qd8 24. Nf3 Ra6 25. Qb5 Bd7 26. Nxe5 Bxb5 0-1

[Event "IV Open"]
[Site "Genova ITA"]
[Date "2000.08.09"]
[Round "3"]
[White "Bernasconi, Roberto"]
[Black "Latta, Federico"]
[Result "0-1"]
[WhiteElo "1491"]
[BlackElo "1509"]
[PlyCount "78"]
[EventDate "2000.08.07"]

1. e4 d6 2. d4 Nf6 3. Nc3 g6 4. f4 Bg7 5. Nf3 c5 6. Bd3 cxd4 7. Nxd4 Qb6 8.
Nce2 Ng4 9. h3 Bxd4 10. Nxd4 Nf6 11. c3 O-O 12. Qb3 Qc5 13. Bd2 Nc6 14. Nxc6
bxc6 15. Qc2 e5 16. O-O-O Be6 17. Qa4 Rfb8 18. Rhe1 Qb6 19. Qa3 Nd7 20. Be3 c5
21. f5 gxf5 22. exf5 Bd5 23. Bf1 Be4 24. g4 Rb7 25. Rd2 Rab8 26. Ba6 Rc7 27.
Red1 d5 28. Re1 d4 29. Bxd4 cxd4 30. Rxe4 dxc3 31. Rd1 cxb2+ 32. Kb1 Qf2 33.
Re2 Rc1+ 34. Rxc1 bxc1=Q+ 35. Kxc1 Qf1+ 36. Kd2 Qf4+ 37. Re3 Qd4+ 38. Ke2 Rb2+
39. Kf3 Qf4# 0-1

[Event "IV Open"]
[Site "Genova ITA"]
[Date "2000.08.09"]
[Round "3"]
[White "Cirabisi, Federico"]
[Black "Guido, Flavio"]
[Result "0-1"]
[WhiteElo "2119"]
[BlackElo "2303"]
[PlyCount "58"]
[EventDate "2000.08.07"]

1. e4 c5 2. f4 d5 3. Nc3 dxe4 4. Nxe4 e6 5. Nf3 Nc6 6. Bb5 Bd7 7. O-O Be7 8. d3
Nf6 9. Bd2 a6 10. Bxc6 Bxc6 11. Qe1 O-O 12. Rd1 c4 13. Bc3 cxd3 14. cxd3 Nd5
15. Qg3 Nxc3 16. bxc3 Qa5 17. Nd4 Bd7 18. Rf3 Rac8 19. Rdf1 f5 20. Ng5 Bxg5 21.
fxg5 Rxc3 22. Qh4 g6 23. Kh1 e5 24. Ne2 Rc2 25. Ng3 Qd2 26. R3f2 Qxd3 27. Rf3
Qc4 28. Ne4 Bc6 29. Rh3 Qxf1# 0-1

[Event "IV Open"]
[Site "Genova ITA"]
[Date "2000.08.09"]
[Round "3"]
[White "Corti, Corrado"]
[Black "Leopardi, Stefano"]
[Result "1-0"]
[WhiteElo "1789"]
[BlackElo "1588"]
[PlyCount "55"]
[EventDate "2000.08.07"]

1. e4 c6 2. d4 d5 3. Nc3 dxe4 4. Nxe4 Bf5 5. Ng3 Bg6 6. Nf3 Nd7 7. h4 h6 8. b3
e6 9. Bb2 Ngf6 10. Bd3 Bxd3 11. Qxd3 Bd6 12. Ne2 Qc7 13. c4 Bb4+ 14. Kf1 O-O-O
15. Qc2 Rhg8 16. c5 Qb8 17. h5 Ba5 18. Bc1 Bc7 19. Rb1 Nd5 20. b4 a6 21. a4 Nf4
22. b5 cxb5 23. c6 bxc6 24. Bxf4 Bxf4 25. Qxc6+ Qc7 26. Qxa6+ Kb8 27. Rxb5+ Nb6
28. Rxb6+ 1-0